Movies Quiz

Random Movies or Actor Quiz

Character Cutouts: Tom Hanks Quiz Stats

 Plays Quiz not verified by Sporcle

Also try: Click-A-Carrey
Challenge
Share
Tweet
Score 0/20 Timer 05:00
0 Plays Today
% Correct
Forrest Gump
98.1%
Jim Lovell
Apollo 13
97.9%
Jimmy Dugan
A League of Their Own
97.9%
Woody
Toy Story
97.7%
Chuck Noland
Cast Away
97.5%
Captain Miller
Saving Private Ryan
96.9%
Conductor
The Polar Express
96.5%
Paul Edgecomb
The Green Mile
95.5%
Josh
Big
94.7%
Robert Langdon
The Da Vinci Code
93.5%
% Correct
Chesley 'Sully'
Sullenberger
Sully
92.9%
Carl Hanratty
Catch Me If You Can
91.3%
Andrew Beckett
Philadelphia
90.3%
Captain Richard Phillips
Captain Phillips
90.1%
Ben Bradlee
The Post
88.1%
Walt Disney
Saving Mr. Banks
88%
Michael Sullivan
Road to Perdition
87.1%
Dermot Hoggins
Cloud Atlas
86.4%
Professor G.H. Dorr
The Ladykillers
85.1%
James B. Donovan
Bridge of Spies
80.1%

You're not logged in!

Compare scores with friends on all Sporcle quizzes.
OR
Log In

You Might Also Like...

Show Comments

Extras

Curator's Pick Aug 24, 2017ReportNominate
Tags:Actor Quiz, index, Tom Hanks

Top Quizzes Today


Score Distribution

Your Account Isn't Verified!

In order to create a playlist on Sporcle, you need to verify the email address you used during registration. Go to your Sporcle Settings to finish the process.

Report this User

Report this user for behavior that violates our Community Guidelines.

Details: